| 000 | 00858nam a22002297a 4500 | ||
|---|---|---|---|
| 008 | 081208t xxu||||| |||| 00| 0beng d | ||
| 010 | _aENG-92066 | ||
| 020 | _c200.00 | ||
| 035 | _aEN-75599 | ||
| 037 | _bDBAD / PUB | ||
| 040 |
_adpl _bEnglish |
||
| 082 | _a921 | ||
| 100 | _aDamodaran, P. | ||
| 245 |
_aDr. Kalaignar: _cby P. Damodaran _bthe beacon light of the dravidians:the torch bearer of the Tamils / |
||
| 260 |
_aCoimbatore _bDamodaran, P. _c2007 |
||
| 270 |
_a80, GKD Nagar, P.N. Palayam _bCoimbatore _e641037 |
||
| 300 |
_a290p. _c20cm (pbk) |
||
| 500 | _aIncludes bibliographical references and index | ||
| 600 |
_aKalaignar, Dr. _xBiography. |
||
| 942 |
_2ddc _cEN _mKAL _h921 |
||
| 999 |
_c19580 _d19580 |
||